| 000 | 00914pam a2200277 a 4500 | ||
|---|---|---|---|
| 001 | 015654670 | ||
| 003 | Uk | ||
| 005 | 20130930123806.0 | ||
| 008 | 100917s2011 maua b 001 0 eng d | ||
| 020 | _a9781408264317 (pbk.) : | ||
| 020 | _a1408264315 (pbk.) : | ||
| 082 | 0 | 4 |
_a005.74 _222 _bHOF |
| 100 | 1 |
_aHoffer, Jeffrey A. _933796 |
|
| 245 | 1 | 0 |
_aModern database management / _cJeffrey A. Hoffer, V. Ramesh and Heikki Topi. |
| 250 |
_a10th ed., International ed. / _bJeffrey A. Hoffer, V. Ramesh and Heikki Topi. |
||
| 260 |
_aBoston ; _aLondon : _bPearson, _cc2011. |
||
| 300 |
_a619 p. : _bill. ; _c28 cm. |
||
| 500 | _aPrevious ed.: 2009. | ||
| 500 |
_aFormerly CIP. _5Uk |
||
| 504 | _aIncludes bibliographical references and index. | ||
| 650 | 0 |
_aDatabase management. _933797 |
|
| 653 |
_bCS _cSeptember2013 |
||
| 700 | 1 |
_aRamesh, V., _cPhD. _933798 |
|
| 700 | 1 |
_aTopi, Heikki. _94377 |
|
| 942 |
_2ddc _cBB |
||
| 999 |
_c17568 _d17540 |
||